| 000 | 00724nam a22002297a 4500 | ||
|---|---|---|---|
| 003 | dpl | ||
| 005 | 20180525162727.0 | ||
| 008 | 180525b xxu||||| |||| 00| 0 eng d | ||
| 010 | _aA-943649, A-943653 | ||
| 020 |
_c65.00 _a8120305881 |
||
| 035 | _aA-0943649 | ||
| 037 | _bCen Lib/Ret | ||
| 040 |
_aDPL _bEN _c0 |
||
| 082 |
_a921 _bPAN |
||
| 100 |
_aNarendranath, Konniyoor R. _928016 |
||
| 245 |
_aSardar panikkar : _cby Konniyoor R. Nerendranath _bhis life and times / |
||
| 260 |
_aNew Delhi _bPublications divisions _c1998 |
||
| 270 |
_bNew Delhi _aMinistry of information and broadcsting _e110001 |
||
| 300 |
_aix,210p. _c21cm(pbk) |
||
| 650 |
_aBiography _97490 |
||
| 942 |
_2ddc _cEN _h921 _mNAR |
||
| 999 |
_c134022 _d134022 |
||